[Event "15. OIBM Bad Wiessee"]
[Site "Bad Wiessee"]
[Date "2011.10.31"]
[Round "3.19"]
[White "Epding, Olaf"]
[Black "Kunin, Vitaly"]
[Result "0-1"]
[WhiteElo "2228"]
[BlackElo "2549"]
[PlyCount "42"]
[EventDate "2011.??.??"]
[WhiteTeam "SC Noris-Tarrasch Nürnberg 1873"]
[BlackTeam "Freibauer Mörlenbach-Birkenau"]

1. e4 c5 2. Nf3 e6 3. d4 cxd4 4. Nxd4 Nc6 5. Nxc6 bxc6 6. Bd3 d5 7. O-O Nf6 8.
Qe2 Be7 9. c4 O-O 10. Nc3 d4 11. Na4 Nd7 12. f4 f6 13. e5 f5 14. Bd2 c5 15. g4
Bb7 16. h3 Qc7 17. b3 Kh8 18. Kh2 g6 19. g5 h6 20. gxh6 Rf7 21. Rg1 Rg8 0-1

[Event "15. OIBM Bad Wiessee"]
[Site "Bad Wiessee"]
[Date "2011.10.31"]
[Round "3.20"]
[White "Lederle, Vitus"]
[Black "Hertneck, Gerald"]
[Result "0-1"]
[WhiteElo "2214"]
[BlackElo "2547"]
[PlyCount "92"]
[EventDate "2011.??.??"]
[WhiteTeam "SC Dillingen"]
[BlackTeam "MSA Zugzwang 82 e.V."]

1. e4 e6 2. d4 d5 3. Nc3 Nc6 4. Nf3 Nf6 5. e5 Ne4 6. Bd3 Bb4 7. Bd2 Nxd2 8.
Qxd2 Bd7 9. a3 Bxc3 10. Qxc3 Qe7 11. O-O-O O-O-O 12. Rhe1 Kb8 13. Kb1 Rc8 14.
Qd2 Nd8 15. Qf4 Ka8 16. Nd2 b6 17. Qg3 g6 18. c4 c5 19. Rc1 Bc6 20. Qe3 Nb7 21.
cxd5 Bxd5 22. Ne4 c4 23. Bc2 Rhd8 24. Nc3 Bxg2 25. f3 Bh3 26. Be4 Bf5 27. Ka2
Kb8 28. Red1 Qe8 29. d5 Bxe4 30. fxe4 Nc5 31. Rc2 Nd3 32. Qd4 Qh8 33. Nb5 Nxe5
34. d6 Rc5 35. a4 Qe8 36. Ka3 Qc6 37. Rdc1 a6 38. b4 axb5 39. bxc5 b4+ 40. Kb2
c3+ 41. Kb3 Nd7 42. Qxb4 Nxc5+ 43. Kxc3 Rxd6 44. Qc4 e5 45. Kb2 Rd4 46. Qxf7
Nd3+ 0-1

[Event "15. OIBM Bad Wiessee"]
[Site "Bad Wiessee"]
[Date "2011.10.31"]
[Round "3.21"]
[White "Jakubiec, Artur"]
[Black "Kartsev, Alexandr"]
[Result "1-0"]
[WhiteElo "2528"]
[BlackElo "2174"]
[PlyCount "61"]
[EventDate "2011.??.??"]
[BlackTeam "SV Castrop-Rauxel 1923"]

1. f4 d5 2. Nf3 Nf6 3. g3 Bg4 4. Bg2 Nbd7 5. d3 c6 6. Nc3 Qc7 7. O-O e5 8. fxe5
Nxe5 9. d4 Ng6 10. Qd3 Bb4 11. Bg5 Bxc3 12. Bxf6 Bxb2 13. Bxg7 Rg8 14. Rab1
Rxg7 15. Rxb2 O-O-O 16. Rfb1 f5 17. Rxb7 Qxb7 18. Rxb7 Kxb7 19. Qb3+ Ka8 20.
Qa4 Rd6 21. c4 Nf4 22. cxd5 Nxg2 23. Qa6 Kb8 24. Qa3 Rf6 25. Ne5 Nf4 26. dxc6
Nxe2+ 27. Kf2 Ka8 28. Nd7 Rff7 29. Qd6 Rg8 30. Qc7 Rxd7 31. cxd7 1-0

[Event "15. OIBM Bad Wiessee"]
[Site "Bad Wiessee"]
[Date "2011.10.31"]
[Round "3.22"]
[White "Rahls, Peter"]
[Black "Naumann, Alexander"]
[Result "0-1"]
[WhiteElo "2244"]
[BlackElo "2546"]
[PlyCount "86"]
[EventDate "2011.??.??"]
[WhiteTeam "SK Zehlendorf e.V."]
[BlackTeam "SG Solingen e.V."]

1. e4 c5 2. c3 d5 3. exd5 Qxd5 4. d4 Nf6 5. Nf3 Bg4 6. Be2 e6 7. h3 Bh5 8. c4
Qd8 9. Be3 cxd4 10. Qa4+ Qd7 11. Qxd7+ Nbxd7 12. Nxd4 Bb4+ 13. Kf1 Rc8 14. a3
Bxe2+ 15. Kxe2 Bc5 16. Nd2 Ke7 17. b4 Bxd4 18. Bxd4 Rhd8 19. Rhc1 b6 20. Nb3 e5
21. Be3 Ne4 22. f3 Ng3+ 23. Kf2 Nf5 24. g4 Nxe3 25. Kxe3 Ke6 26. Ra2 f5 27. Rd2
Nf6 28. a4 f4+ 29. Ke2 g5 30. Rxd8 Rxd8 31. c5 bxc5 32. Nxc5+ Ke7 33. Nd3 e4
34. fxe4 Nxe4 35. Rc7+ Rd7 36. Rxd7+ Kxd7 37. Ke1 Kd6 38. h4 h6 39. hxg5 hxg5
40. b5 Nc3 41. Nf2 Ke5 42. Nd3+ Ke4 43. Nb4 Kf3 0-1

[Event "15. OIBM Bad Wiessee"]
[Site "Bad Wiessee"]
[Date "2011.10.31"]
[Round "3.23"]
[White "Müller, Markus"]
[Black "Teske, Henrik"]
[Result "0-1"]
[WhiteElo "2184"]
[BlackElo "2547"]
[PlyCount "46"]
[EventDate "2011.??.??"]
[WhiteTeam "TSV Hütschenhausen"]
[BlackTeam "SC 1950 Remagen"]

1. e4 Nf6 2. e5 Nd5 3. d4 d6 4. c4 Nb6 5. exd6 exd6 6. Nc3 Be7 7. Bd3 Nc6 8.
Nge2 O-O 9. O-O Nb4 10. Bb1 g6 11. Bh6 Re8 12. f4 Nxc4 13. d5 c5 14. dxc6 Qb6+
15. Rf2 Ne3 16. Qd4 Qxd4 17. Nxd4 Ng4 18. Ndb5 Nxf2 19. Kxf2 {Diagramm #} d5 $1
20. Nc7 Bc5+ 21. Kf1 bxc6 $3 22. Bd3 (22. Nxe8 Ba6+ 23. Ke1 Rxe8+ $19) 22...
Re7 23. Nxa8 Nxd3 0-1

[Event "15. OIBM Bad Wiessee"]
[Site "Bad Wiessee"]
[Date "2011.10.31"]
[Round "3.24"]
[White "Krivoborodov, Egor"]
[Black "Bergauz, Avigdor"]
[Result "1-0"]
[WhiteElo "2505"]
[BlackElo "2138"]
[PlyCount "99"]
[EventDate "2011.??.??"]
[BlackTeam "Schachklub München Südost e.V."]

1. e4 c6 2. d4 d5 3. Nc3 b5 4. exd5 b4 5. Na4 cxd5 6. Nc5 e6 7. Bb5+ Bd7 8.
Nxd7 Nxd7 9. Bf4 Qb6 10. Bxd7+ Kxd7 11. Nf3 Qa6 12. Ne5+ Ke8 {Diagramm #} 13.
Qh5 g6 14. Nxg6 fxg6 15. Qe5 {Diagramm #} Nf6 $2 (15... Rc8 $3 16. Qxh8 Rxc2
17. Bd2 (17. Qe5 Nf6 $3 18. Rc1 Rxb2 19. Bd2 Ne4 20. Qb8+ Kf7 21. Rc7+ Be7 22.
Qh8 Nf6 $1 23. Qc8 Qxc8 24. Rxc8 Ne4 $1 25. Bc1 Rxa2 26. O-O a5 $19) 17... Qd3
18. Rd1 Qe4+ 19. Kf1 Ne7 20. f3 Rxd2 21. Rxd2 Qb1+ 22. Kf2 Qxh1 $15) 16. Qxf6
Rg8 17. Qe5 Rc8 18. O-O-O $18 Kd7 19. Kb1 Rc6 20. Rhe1 Bg7 21. Qe3 Rgc8 22. Re2
Qa4 23. Qh3 h5 24. Qd3 Ra6 25. Qb3 Qb5 26. Rd3 Bxd4 27. Red2 Bc5 28. c4 Qa4 29.
Qxa4+ Rxa4 30. b3 Ra6 31. cxd5 exd5 32. Rxd5+ Ke6 33. Re5+ Kf6 34. Rc2 Rac6 35.
Re4 Bf8 36. Rxc6+ Rxc6 37. f3 a5 38. Be5+ Kf5 39. h3 g5 40. Bb2 Rc5 41. g4+
hxg4 42. hxg4+ Kg6 43. Re6+ Kf7 44. Rf6+ Ke7 45. Rf5 Rxf5 46. gxf5 Kf7 47. Kc2
Bg7 48. Bxg7 Kxg7 49. Kd3 Kf7 50. Kd4 1-0

[Event "15. OIBM Bad Wiessee"]
[Site "Bad Wiessee"]
[Date "2011.10.31"]
[Round "3.25"]
[White "de Andres Gonalons, Fernando"]
[Black "Bromberger, Stefan"]
[Result "0-1"]
[WhiteElo "2137"]
[BlackElo "2511"]
[PlyCount "72"]
[EventDate "2011.??.??"]
[BlackTeam "FC Bayern München e.V."]

1. d4 Nf6 2. c4 e6 3. Nf3 c5 4. d5 exd5 5. cxd5 d6 6. Nc3 g6 7. g3 Bg7 8. Bg2
O-O 9. O-O Re8 10. Bf4 Bg4 11. h3 Bxf3 12. Bxf3 Na6 13. Bg2 Nc7 14. a4 a6 15.
Qd3 Qd7 16. a5 Nh5 17. Bd2 Rab8 18. g4 Nf6 19. Bf4 b5 20. Rfe1 c4 21. Qg3 b4
22. Na4 Ncxd5 23. Bxd6 Rbd8 24. Be5 Nh5 25. gxh5 Bxe5 26. Qf3 Nf4 27. hxg6 hxg6
28. e3 Nxg2 29. Kxg2 Qb5 30. Qe2 Rd3 31. Rec1 Red8 (31... Qxa5 32. Nc5) 32. Qg4
c3 33. bxc3 bxc3 34. Qe4 (34. h4 c2 35. Ra2 Rd1 36. Rcxc2 Rh1 37. Qc4 Qb1)
34... c2 35. Ra2 Rd1 36. Qxc2 Qf1+ 0-1

[Event "15. OIBM Bad Wiessee"]
[Site "Bad Wiessee"]
[Date "2011.10.30"]
[Round "3.26"]
[White "Hoffmann, Michael"]
[Black "Verstraeten, Reinaert"]
[Result "1/2-1/2"]
[WhiteElo "2496"]
[BlackElo "2136"]
[PlyCount "66"]
[EventDate "2011.??.??"]
[WhiteTeam "SG Solingen e.V."]

1. d4 Nf6 2. c4 g6 3. Nc3 Bg7 4. e4 d6 5. h3 O-O 6. Bg5 c6 7. Qd2 Na6 8. Bd3 e5
9. d5 Nc7 10. Nge2 cxd5 11. cxd5 Bd7 12. O-O b5 13. b4 Qb8 14. a3 a5 15. Rfb1
axb4 16. axb4 Rxa1 17. Rxa1 Qb7 18. Ra5 Ra8 19. Qa2 h6 20. Rxa8+ Nxa8 21. Be3
Nc7 22. Qa5 Nfe8 23. Nc1 f5 24. f3 Bf6 25. Nb3 Bg5 26. Bf2 Kf8 27. Qa2 Na6 28.
Na5 Qc8 29. Qb2 {Diagramm #} Nxb4 $1 30. Qxb4 Bd2 31. Bxb5 Bxb5 32. Qxb5 Qxc3
33. Nb7 Be3 1/2-1/2

[Event "15. OIBM Bad Wiessee"]
[Site "Bad Wiessee"]
[Date "2011.10.31"]
[Round "3.35"]
[White "Zude, Arno"]
[Black "Prüske, Wolfgang"]
[Result "1-0"]
[WhiteElo "2431"]
[BlackElo "2106"]
[PlyCount "81"]
[EventDate "2011.??.??"]
[WhiteTeam "SV 1920 Hofheim"]
[BlackTeam "SC Hansa Dortmund e.V."]

1. e4 c6 2. d4 d5 3. e5 Bf5 4. Nf3 e6 5. Be2 Nd7 6. O-O h6 7. b3 Ne7 8. c4 Bh7
9. Nc3 g5 10. h3 Rg8 11. Nh2 f5 12. f4 Nb6 13. c5 Nd7 14. b4 Ng6 15. fxg5 hxg5
16. b5 Be7 17. Be3 Kf8 18. Nf3 Kg7 19. Qd2 f4 20. Bf2 Kh8 21. Nh2 Qf8 22. Bg4
Qf7 23. Qe2 Nh4 24. bxc6 bxc6 25. Qa6 Rgc8 26. Bxh4 gxh4 27. Ne2 Bg5 28. Nf3
Bh6 29. Nxh4 Nf8 30. g3 Ng6 31. Ng2 Qe7 32. Nexf4 Nxf4 33. Nxf4 Rg8 34. Qxc6
Bf5 35. Nxd5 Qg5 36. Nf6 Qe3+ 37. Kh2 Rab8 38. Qg2 Rxg4 39. Nxg4 Bxg4 40. hxg4
Bg5 41. Rab1 1-0

[Event "15. OIBM Bad Wiessee"]
[Site "Bad Wiessee"]
[Date "2011.10.31"]
[Round "3.36"]
[White "Kotainy, Jens"]
[Black "Kümpers, Ulrich"]
[Result "1-0"]
[WhiteElo "2406"]
[BlackElo "2080"]
[PlyCount "57"]
[EventDate "2011.??.??"]
[WhiteTeam "Sportfreunde Katernberg 1913 e.V"]
[BlackTeam "SC Tarrasch 45 München"]

1. e4 c6 2. c4 e5 3. Nf3 d6 4. Nc3 Nf6 5. d4 Bg4 6. dxe5 Bxf3 7. Qxf3 dxe5 8.
g4 Bc5 9. g5 Nfd7 10. Bd2 Bd4 11. O-O-O Qe7 12. Bh3 O-O 13. Ne2 Na6 14. Nxd4
exd4 15. Bf4 Ne5 16. Qg3 Nxc4 17. Rxd4 b5 18. Rhd1 Rad8 19. Rxd8 Rxd8 20. Rxd8+
Qxd8 21. b3 {Diagramm #} Na3 (21... Nb4 $3 22. bxc4 Qd3 $1 23. Qxd3 Nxd3+ 24.
Kc2 Nxf4 25. cxb5 $1 cxb5 26. Bf1) 22. Qc3 c5 23. Bf1 Qe7 24. Kb2 Qxe4 25. Qe3
Qb1+ 26. Kxa3 b4+ 27. Ka4 Qxa2+ 28. Kb5 h5 29. Qe8+ 1-0

[Event "15. OIBM Bad Wiessee"]
[Site "Bad Wiessee"]
[Date "2011.10.31"]
[Round "3.38"]
[White "Kuntner, Reinhard"]
[Black "Müller, Ralf"]
[Result "0-1"]
[WhiteElo "1981"]
[BlackElo "2411"]
[PlyCount "94"]
[EventDate "2011.??.??"]
[BlackTeam "SC Böblingen 1975 e.V."]

1. c4 Nf6 2. g3 c6 3. Bg2 d5 4. cxd5 cxd5 5. Nc3 Nc6 6. d4 g6 7. Nf3 Bg7 8. O-O
Ne4 9. Qb3 O-O 10. e3 Nxc3 11. Qxc3 Qb6 12. Bd2 Bd7 13. b4 Rfc8 14. Qb3 e6 15.
Rab1 Ne7 16. b5 Nf5 17. Rfd1 Nd6 18. Bf1 a6 19. bxa6 Qxb3 20. axb3 bxa6 21.
Rdc1 Bb5 22. Bb4 Ne4 23. Bxb5 axb5 24. Rxc8+ Rxc8 25. Bc5 Nxc5 26. Rc1 b4 27.
Rxc5 Rxc5 28. dxc5 Kf8 29. Kf1 Ke7 30. Ke2 h6 31. Nd4 Kd7 32. f3 Bf8 33. c6+
Kc7 34. f4 Bg7 35. Kd3 e5 36. fxe5 Bxe5 37. e4 Bxd4 38. Kxd4 dxe4 39. Kxe4 Kxc6
40. Ke5 Kc5 41. g4 g5 42. Ke4 {Diagramm #} Kd6 $2 (42... f6 $1 43. h3 Kd6 44.
Kd4 Ke6 45. Kc4 f5 46. gxf5+ Kf6 47. Kxb4 h5 48. Kc4 g4 49. hxg4 h4 $1 $19) 43.
Kd4 f6 44. h3 $4 (44. Kc4 f5 45. gxf5 h5 46. Kd4 $1 $11) 44... h5 45. gxh5 Ke6
46. Kc4 f5 47. Kxb4 g4 0-1

[Event "15. OIBM Bad Wiessee"]
[Site "Bad Wiessee"]
[Date "2011.10.31"]
[Round "3.43"]
[White "Harmsen, Michiel"]
[Black "Smirnov, Artem"]
[Result "0-1"]
[WhiteElo "2063"]
[BlackElo "2444"]
[PlyCount "80"]
[EventDate "2011.??.??"]
[WhiteTeam "Zukertort Amstelveen"]

1. d4 Nf6 2. c4 e6 3. g3 c5 4. Nf3 cxd4 5. Nxd4 Nc6 6. Nc3 Bc5 7. Ndb5 O-O 8.
Bg2 Qe7 9. O-O a6 10. Na3 h6 11. Nc2 d6 12. e4 Bd7 13. Qe2 Rac8 14. a3 Ne5 15.
b3 b5 16. cxb5 axb5 17. Bb2 Rb8 18. Nd1 b4 19. a4 Bc6 20. Kh1 Qb7 21. f3 Qa7
22. Nde3 Bb7 23. Qd2 Ba6 24. Bxe5 dxe5 25. Rfd1 Rfd8 26. Qe1 Bd4 27. Rab1 Bc3
28. Qg1 Be2 29. Rxd8+ Rxd8 30. Nc4 Qc7 31. N2e3 Nd7 32. Qf2 Bd3 33. Rd1 Nc5 34.
Qa2 Bxc4 35. bxc4 b3 36. Qb1 Rxd1+ 37. Nxd1 Qa5 38. Bf1 Bd4 39. Nb2 Qd2 40. Nd3
Qc2 0-1

[Event "15. OIBM Bad Wiessee"]
[Site "Bad Wiessee"]
[Date "2011.10.31"]
[Round "3.45"]
[White "Weber, Ulrich"]
[Black "Gschwendtner, Klaus"]
[Result "1-0"]
[WhiteElo "2406"]
[BlackElo "2112"]
[PlyCount "61"]
[EventDate "2011.??.??"]
[WhiteTeam "SV 1920 Hofheim"]
[BlackTeam "SF Starnberger See e.V."]

1. Nf3 d6 2. d4 Bg4 3. Nbd2 Nd7 4. c3 Ngf6 5. e3 c6 6. Be2 e5 7. O-O Be7 8. Ne1
Bxe2 9. Qxe2 O-O 10. Nd3 e4 11. Nf4 d5 12. f3 Bd6 13. fxe4 dxe4 14. Nc4 Bc7 15.
Bd2 Nd5 16. g3 Qe7 17. Na3 Nxf4 18. gxf4 f5 19. Kh1 Kh8 20. Rg1 Nb6 21. Nc2 Qe6
22. b3 Rg8 23. c4 a5 24. a4 Bd8 25. Rg3 Nd7 26. Bc3 Bf6 27. Rag1 Qe7 28. Qh5
Qe6 {Diagramm #} 29. d5 $1 cxd5 30. cxd5 Qe8 {Diagramm #} 31. Qxh7+ $3 1-0

[Event "15. OIBM Bad Wiessee"]
[Site "Bad Wiessee"]
[Date "2011.10.31"]
[Round "3.50"]
[White "Klamp, Christoph"]
[Black "Kern, Guido"]
[Result "1/2-1/2"]
[WhiteElo "2122"]
[BlackElo "2355"]
[PlyCount "73"]
[EventDate "2011.??.??"]
[WhiteTeam "SV Griesheim(DA)"]
[BlackTeam "SV Dinslaken 1923 e.V."]

1. d4 e6 2. c4 Bb4+ 3. Bd2 a5 4. g3 d6 5. Bg2 e5 6. b3 Bxd2+ 7. Qxd2 exd4 8.
Qxd4 Nf6 9. Nh3 Nc6 10. Qc3 O-O 11. Nf4 Re8 12. Nd2 a4 13. O-O Ne5 14. Rfe1 Ng6
15. Nd5 Nd7 16. e4 Nc5 17. Re3 c6 18. Nb4 Qb6 19. Qd4 Nf8 20. Rae1 Nfe6 21. Qc3
Bd7 22. f4 f6 23. Kh1 Rad8 24. Nf3 Bc8 25. f5 Nf8 26. g4 Nfd7 27. g5 Ne5 28.
gxf6 gxf6 29. Qc1 Ng4 30. Nh4 Nxb3 31. Qc3 Nxe3 32. Rxe3 Qd4 33. Rg3+ Kh8 34.
Qf3 Rg8 35. Ng6+ hxg6 36. Rxg6 Rxg6 37. Qh5+ 1/2-1/2

[Event "15. OIBM Bad Wiessee"]
[Site "Bad Wiessee"]
[Date "2011.10.30"]
[Round "3.30"]
[White "Pezerovic, Edin"]
[Black "Kick, Joachim"]
[Result "1-0"]
[WhiteElo "2455"]
[BlackElo "2151"]
[PlyCount "57"]
[EventDate "2011.??.??"]

1. d4 d5 2. Nf3 Nf6 3. Bg5 e6 4. e3 Be7 5. Bd3 O-O 6. Nbd2 Nbd7 7. O-O c5 8. c4
b6 9. cxd5 Nxd5 10. Ne4 f5 11. Bxe7 Qxe7 12. Nc3 Bb7 13. Bc4 N7f6 14. Nxd5 Bxd5
15. Bxd5 Nxd5 16. dxc5 Qxc5 17. Rc1 Qd6 18. Qa4 Rfd8 19. Rc6 Qd7 20. Ne5 Qe8
21. b3 a5 22. g3 Rac8 23. Rfc1 Rxc6 24. Qxc6 Kf8 25. Qc4 b5 26. Qc5+ Qe7 27.
Qxb5 Qb4 28. Qc5+ Qxc5 29. Rxc5 1-0

[Event "15. OIBM Bad Wiessee"]
[Site "Bad Wiessee"]
[Date "2011.10.30"]
[Round "3.41"]
[White "Andersson, Ulf"]
[Black "Schmitzer, Peter"]
[Result "1-0"]
[WhiteElo "2582"]
[BlackElo "2091"]
[PlyCount "67"]
[EventDate "2011.??.??"]

1. Nf3 c5 2. c4 g6 3. d4 cxd4 4. Nxd4 Bg7 5. e4 d6 6. Nc3 Nc6 7. Be3 Nf6 8. Be2
Bd7 9. O-O O-O 10. f3 e6 11. Ndb5 Ne8 12. Nxd6 Nxd6 13. Qxd6 Be5 14. Qd2 Qe7
15. f4 Bg7 16. e5 Rfd8 17. Ne4 Be8 18. Qc3 b6 19. Rad1 Rxd1 20. Rxd1 Rd8 21. a3
Qh4 22. g3 Rxd1+ 23. Bxd1 Qd8 24. Qd2 Qe7 25. Qd6 Qxd6 26. Nxd6 Bd7 27. Ne4 Na5
28. Be2 Bc6 29. Nf6+ Kh8 30. b4 Nb3 31. Bd1 Ba4 32. Ne4 Nc5 33. bxc5 Bxd1 34.
c6 1-0

[Event "15. OIBM Bad Wiessee"]
[Site "Bad Wiessee"]
[Date "2011.10.30"]
[Round "3.46"]
[White "Kröncke, Manfred"]
[Black "Grandadam, Nicolas"]
[Result "0-1"]
[WhiteElo "2108"]
[BlackElo "2336"]
[PlyCount "82"]
[EventDate "2011.??.??"]

1. e4 c5 2. Nf3 e6 3. d3 Nc6 4. g3 d5 5. Nbd2 Bd6 6. Bg2 Nge7 7. O-O O-O 8. Re1
Bc7 9. c3 f6 10. Qc2 Rb8 11. a4 a6 12. Nb3 b6 13. Nh4 e5 14. h3 f5 15. exd5
Nxd5 16. Bg5 Qd6 17. Qe2 Bb7 18. Qh5 Nf6 19. Qe2 Qe6 20. Nd2 Qd7 21. Rad1 Ba8
22. Nc4 Rbe8 23. Bxf6 Rxf6 24. Ne3 Ne7 25. Bxa8 Rxa8 26. Qf3 Raf8 27. b3 b5 28.
axb5 axb5 29. Nhg2 Rd6 30. Nc2 Rh6 31. h4 Nd5 32. c4 Nc3 33. Ra1 b4 34. Ra8
Rhf6 35. Rea1 e4 36. Rxf8+ Rxf8 37. dxe4 fxe4 38. Qe3 Be5 39. Qxc5 Ne2+ 40. Kh2
Bxa1 41. Nxa1 Qd4 0-1

[Event "15. OIBM Bad Wiessee"]
[Site "Bad Wiessee"]
[Date "2011.10.30"]
[Round "3.47"]
[White "Krahe, Frank"]
[Black "Ortmann, David"]
[Result "1/2-1/2"]
[WhiteElo "2178"]
[BlackElo "2355"]
[PlyCount "53"]
[EventDate "2011.??.??"]

1. e4 c6 2. d4 d5 3. Nd2 dxe4 4. Nxe4 Nd7 5. Nf3 Ngf6 6. Nxf6+ Nxf6 7. Ne5 Be6
8. Be2 g6 9. O-O Bg7 10. c4 O-O 11. Be3 Qc7 12. Qb3 Rfd8 13. Bf3 Ne8 14. Rfd1
Nd6 15. d5 cxd5 16. cxd5 Bf5 17. Rac1 Qa5 18. Nc4 Qb5 19. Qxb5 Nxb5 20. a4 Nd6
21. Nxd6 exd6 22. b4 Bb2 23. Rc7 Rd7 24. Rxd7 Bxd7 25. b5 a6 26. Be2 axb5 27.
Bxb5 1/2-1/2

[Event "15. OIBM Bad Wiessee"]
[Site "Bad Wiessee"]
[Date "2011.10.30"]
[Round "3.28"]
[White "Meins, Gerlef"]
[Black "Ehrke, Michael"]
[Result "1/2-1/2"]
[WhiteElo "2490"]
[BlackElo "2203"]
[PlyCount "82"]
[EventDate "2011.??.??"]
[WhiteTeam "SAbt SV Werder Bremen"]
[BlackTeam "Lübecker SV von 1873"]

1. d4 c5 2. d5 e5 3. e4 d6 4. Bb5+ Nd7 5. a4 Ne7 6. Nf3 Ng6 7. g3 Be7 8. h4 h6
9. Nbd2 a6 10. Bd3 Nf6 11. a5 Bg4 12. Nc4 Qc7 13. Ne3 Bd7 14. Nd2 Bb5 15. Qe2
Bxd3 16. Qxd3 h5 17. Ndc4 Nf8 18. Bd2 g6 19. f4 N6d7 20. fxe5 Nxe5 21. Nxe5
dxe5 22. Nc4 O-O-O 23. O-O-O f6 24. Be3 Bd6 25. Qc3 Nd7 26. Nxd6+ Qxd6 27. b4
c4 28. Qxc4+ Kb8 29. Qb3 f5 30. c4 Nf6 31. Bc5 Qd7 32. exf5 gxf5 33. Rhe1 Ne4
34. Bg1 Rc8 35. Kb2 Rhg8 36. Rd3 Rg4 37. Bb6 Rcg8 38. Ree3 Nf2 39. Rd2 Ne4 40.
Rdd3 Nf2 41. Rd2 Ne4 1/2-1/2

[Event "15. OIBM Bad Wiessee"]
[Site "Bad Wiessee"]
[Date "2011.10.30"]
[Round "3.31"]
[White "Lampert, Jonas"]
[Black "Bluebaum, Matthias"]
[Result "0-1"]
[WhiteElo "2188"]
[BlackElo "2388"]
[PlyCount "98"]
[EventDate "2011.??.??"]
[WhiteTeam "Hamburger SK von 1830 eV"]
[BlackTeam "SC Hansa Dortmund e.V."]

1. d4 d5 2. c4 c6 3. Nf3 Nf6 4. e3 Bf5 5. Nc3 e6 6. Nh4 Be4 7. f3 Bg6 8. Qb3
Qc7 9. Bd2 Be7 10. Nxg6 hxg6 11. O-O-O dxc4 12. Qxc4 a6 13. g3 b5 14. Qd3 Nbd7
15. e4 Rd8 16. Qc2 c5 17. Bf4 Qb6 18. d5 e5 19. Be3 Qb8 20. g4 c4 21. Qf2 Bd6
22. g5 Nh5 23. Bh3 Qc7 24. Bxd7+ Qxd7 25. Ne2 b4 26. Bc5 a5 27. Kb1 O-O 28. Ka1
a4 29. Rc1 Qb5 30. Bxd6 Rxd6 31. f4 a3 32. b3 cxb3 33. axb3 Qd3 34. fxe5 Rdd8
35. Ng3 Qxb3 36. Nxh5 gxh5 37. Qd4 Rb8 38. Rb1 Qf3 39. Rhf1 Qh3 40. Rfc1 b3 41.
Rc3 Qxh2 42. Rbxb3 Rxb3 43. Rxb3 Rc8 44. e6 fxe6 45. d6 Rc1+ 46. Rb1 Qb2+ 47.
Qxb2 axb2+ 48. Kxb2 Rxb1+ 49. Kxb1 Kf8 0-1

[Event "15. OIBM Bad Wiessee"]
[Site "Bad Wiessee"]
[Date "2011.10.30"]
[Round "3.33"]
[White "Schleich, Theodor"]
[Black "Kostic, Vladimir"]
[Result "0-1"]
[WhiteElo "2109"]
[BlackElo "2433"]
[PlyCount "52"]
[EventDate "2011.??.??"]
[WhiteTeam "FC Bayern München e.V."]
[BlackTeam "SK München Südost e.V."]

1. d4 d5 2. Bg5 h6 3. Bh4 c6 4. e3 Bf5 5. c4 Qa5+ 6. Nc3 e6 7. a3 dxc4 8. Bxc4
Nd7 9. Nf3 Ngf6 10. O-O Bd6 11. Qe2 Ne4 12. Nxe4 Bxe4 13. Nd2 Bg6 14. e4 Bf4
15. Rad1 Qh5 16. Nf3 O-O 17. h3 Qa5 18. Be7 Rfe8 19. Bb4 Qc7 20. g3 Bd6 21. Bc3
Bh7 22. Nh4 Be7 23. Qg4 Nf6 24. Qe2 Nxe4 25. Ng2 Nxc3 26. bxc3 Bxa3 0-1

[Event "15. OIBM Bad Wiessee"]
[Site "Bad Wiessee"]
[Date "2011.10.30"]
[Round "3.34"]
[White "Zunker, Reinhard. Dr"]
[Black "Morawietz, Dieter"]
[Result "0-1"]
[WhiteElo "2170"]
[BlackElo "2432"]
[PlyCount "96"]
[EventDate "2011.??.??"]
[WhiteTeam "SV 1920 Hofheim"]
[BlackTeam "Klub Kölner SF e.V. 1"]

1. d4 Nf6 2. c4 e6 3. Nc3 Bb4 4. Qc2 c5 5. e3 O-O 6. a3 Bxc3+ 7. Qxc3 Nc6 8.
Bd3 d6 9. Nf3 e5 10. dxe5 dxe5 11. Ng5 Qc7 12. b4 Re8 13. Ne4 Nxe4 14. Bxe4 Ne7
15. Bb2 Bf5 16. Bf3 f6 17. g4 Bg6 18. O-O Rad8 19. Be2 b6 20. f3 Nc6 21. b5 Na5
22. Rad1 h6 23. Kf2 Rxd1 24. Rxd1 Rd8 25. Rg1 Qd7 26. h4 Kh7 27. Rd1 Qe7 28.
Rg1 Qe6 29. h5 Bf7 30. Rc1 Kh8 31. Rc2 Rd6 32. Bc1 Qd7 33. Ke1 e4 34. fxe4 Bxc4
35. e5 fxe5 36. Rd2 Bxe2 37. Rxd6 Qxd6 38. Kxe2 Qd5 39. Qd3 Qg2+ 40. Ke1 Qxg4
41. Qd8+ Kh7 42. Qd3+ e4 43. Qd5 c4 44. Bb2 Nb3 45. Qxc4 Qg1+ 46. Ke2 Qg2+ 47.
Ke1 Qd2+ 48. Kf1 Qd1+ 0-1

[Event "15. OIBM Bad Wiessee"]
[Site "Bad Wiessee"]
[Date "2011.10.30"]
[Round "3.37"]
[White "Fick, Roland"]
[Black "Wagner, Dennis"]
[Result "1/2-1/2"]
[WhiteElo "2126"]
[BlackElo "2290"]
[PlyCount "75"]
[EventDate "2011.??.??"]
[WhiteTeam "SG Kaiserslautern 1905"]
[BlackTeam "Kasseler SK 1876"]

1. d4 d5 2. c4 dxc4 3. Nf3 c6 4. e3 Be6 5. Nc3 b5 6. Ng5 Bd7 7. a4 e6 8. Nge4
Nf6 9. Qf3 Nd5 10. Be2 Na6 11. O-O Nac7 12. Qg3 Bc8 13. Rd1 g6 14. Nc5 Bg7 15.
e4 Nxc3 16. bxc3 O-O 17. Bf4 Ne8 18. Rdb1 Bd7 19. Bd6 Nxd6 20. Qxd6 Be8 21.
Qxd8 Rxd8 22. axb5 cxb5 23. Rxa7 Bc6 24. e5 Ra8 25. Rba1 Bh6 26. Bf3 Bxf3 27.
gxf3 Rxa7 28. Rxa7 b4 29. cxb4 Rb8 30. Rc7 Rxb4 31. Ne4 Rb1+ 32. Kg2 Rc1 33.
Nf6+ Kg7 34. Ne8+ Kg8 35. Nf6+ Kg7 36. Ne8+ Kg8 37. Nf6+ Kg7 38. Ne8+ 1/2-1/2

[Event "15. OIBM Bad Wiessee"]
[Site "Bad Wiessee"]
[Date "2011.10.30"]
[Round "3.39"]
[White "de Heer, Peter"]
[Black "Rosen, Bernd"]
[Result "0-1"]
[WhiteElo "2049"]
[BlackElo "2361"]
[PlyCount "96"]
[EventDate "2011.??.??"]
[WhiteTeam "Zuckertort"]
[BlackTeam "Sportfreunde Katernberg 1913 e.V"]

1. c4 e5 2. Nc3 Nf6 3. g3 Bc5 4. Bg2 O-O 5. e3 Nc6 6. Nge2 d5 7. d4 exd4 8.
exd4 Bb4 9. cxd5 Nxd5 10. O-O Be6 11. a3 Bxc3 12. bxc3 Na5 13. Rb1 c6 14. a4
Re8 15. h3 Qe7 16. Re1 Bf5 17. Rb2 Nxc3 18. Qd2 Nxe2+ 19. Rxe2 Qxe2 20. Qxe2
Rxe2 21. Rxe2 Be6 22. Rb2 Rd8 23. Be3 b6 24. g4 f6 25. Be4 Bd5 26. Bd3 g6 27.
Kh2 Kg7 28. Kg3 Bb3 29. Bc2 Bxc2 30. Rxc2 Rd6 31. Kf3 Kf7 32. Rc3 Ke6 33. Ke4
Rd5 34. f4 f5+ 35. Kf3 Rd7 36. Bf2 Kd6 37. gxf5 gxf5 38. Re3 Re7 39. Re5 Rxe5
40. fxe5+ Ke6 41. Be1 Nb3 42. Bc3 c5 43. dxc5 Nxc5 44. a5 bxa5 45. Bxa5 Kxe5
46. Bc7+ Kd5 47. h4 Ne6 48. Ba5 h5 0-1

[Event "15. OIBM Bad Wiessee"]
[Site "Bad Wiessee"]
[Date "2011.10.30"]
[Round "3.40"]
[White "Wernet, Andreas"]
[Black "Vatter, Hans-Joachim"]
[Result "0-1"]
[WhiteElo "1988"]
[BlackElo "2322"]
[PlyCount "118"]
[EventDate "2011.??.??"]
[WhiteTeam "SC Oberwinden 1957 e.V."]
[BlackTeam "SC Untergrombach 46"]

1. e4 e5 2. f4 exf4 3. Nf3 g5 4. h4 g4 5. Ne5 Bg7 6. Nxg4 d5 7. Nf2 dxe4 8.
Nxe4 Qe7 9. Qe2 Nc6 10. Ng5 Nd4 11. Qxe7+ Nxe7 12. Na3 Nef5 13. Bc4 Ng3 14. Rg1
h6 15. Nf3 Bg4 16. Nh2 Bh5 17. c3 O-O 18. Kf2 Ne4+ 19. Kf1 Rfe8 20. Nf3 Bxf3
21. gxf3 Nxf3 22. Rg2 Ng3+ 23. Kf2 Nxh4 24. Rg1 Ne4+ 25. Kf1 Nf3 26. Rg2 Ne5
27. d4 Nxc4 28. Nxc4 Re6 29. Ne5 Ng3+ 30. Kf2 Ne4+ 31. Kf3 Ng5+ 32. Kxf4 Bxe5+
33. dxe5 Rae8 34. Be3 Rxe5 35. Bd4 R5e6 36. Rh1 Rg6 37. Kf5 b6 38. Rxh6 Rxh6
39. Rxg5+ Rg6 40. Rh5 Rg7 41. Bxg7 Kxg7 42. Rg5+ Kf8 43. Rg2 Re6 44. Rh2 Ke7
45. b3 b5 46. Rg2 Re3 47. Rc2 c6 48. c4 b4 49. Rh2 Re1 50. Kf4 Kd6 51. Rh5 Kc7
52. Kf3 Kb6 53. Kf2 Ra1 54. Rf5 Rxa2+ 55. Ke1 Rc2 56. Rxf7 Rc3 57. Kd1 Rxb3 58.
c5+ Kxc5 59. Rxa7 Rh3 0-1